La actividad como categoría filosófica /

Saved in:
Bibliographic Details
Main Author: Pupo Pupo, Rigoberto
Format: Unknown
Language:Spanish
Published: La Habana, Cuba : Editorial de Ciencias Sociales, 1990.
Subjects:
Tags: Add Tag
No Tags, Be the first to tag this record!

MARC

LEADER 000000000a22000000004500
001 002053
041 0 |a spa 
082 0 4 |a 335.411   |b P984a 
100 1 |a Pupo Pupo, Rigoberto 
245 1 3 |a La actividad como categoría filosófica /   |c Rigoberto Pupo Pupo. 
260 1 |a La Habana, Cuba :   |b Editorial de Ciencias Sociales,   |c 1990. 
300 |a 263 páginas 
650 4 |a MATERIALISMO DIALECTICO 
650 4 |a FILOSOFIA MARXISTA 
999 |c 8657  |d 8657 
942 |c BK  |h 335.411 P984a  |2 z